Child safety (Record no. 251079)

MARC details
000 -LEADER
fixed length control field 00501nam a2200169Ia 4500
008 - FIXED-LENGTH DATA ELEMENTS--GENERAL INFORMATION
fixed length control field 191130s2003##################000#0#eng##
020 ## - INTERNATIONAL STANDARD BOOK NUMBER
ISBN 9788179041260
082 ## - DEWEY DECIMAL CLASSIFICATION NUMBER
Classification number 370.114 APP
245 ## - TITLE STATEMENT
Title Child safety
Statement of responsibility, etc By Apple Books
260 ## - PUBLICATION, DISTRIBUTION, ETC. (IMPRINT)
Place of publication Chennai
Name of publisher Apple Publishing International
Year of publication 2003
300 ## - PHYSICAL DESCRIPTION
Number of Pages Unpaged : col. ill.; 19 cm
650 ## - SUBJECT ADDED ENTRY--TOPICAL TERM
Topical Term Philosophy, theories, general aspects
991 ## -
-- 121564
Holdings
Withdrawn status Lost status Damaged status Not for loan Home library Current library Date acquired Full call number Accession Number Price effective from Koha item type
        Anna Centenary Library Anna Centenary Library 13.10.2020 370.114 APP 369857 13.10.2020 English Books
        Anna Centenary Library Anna Centenary Library 13.10.2020 370.114 APP 369858 13.10.2020 English Books

Find us on the map